Οι πνευματικές σχέσεις του Ελληνισμού με τους Βαλκανικούς λαούς (18ος-20ος αι.)
Αποθηκεύτηκε σε:
| Συλλογικό Έργο: | , |
|---|---|
| Μορφή: | Βιβλίο |
| Γλώσσα: | Greek |
| Δημοσίευση: |
Κομοτηνή :
Εκδοτική Ροδόπης,
1999
|
| Θέματα: | |
| Ετικέτες: |
Προσθήκη ετικέτας
Δεν υπάρχουν, Καταχωρήστε ετικέτα πρώτοι!
|
MARC
| LEADER | 00000cam a2200000 i 4500 | ||
|---|---|---|---|
| 001 | 1/31360 | ||
| 008 | 060621s1999 gre d | ||
| 020 | |a 960-85512-8-5 | ||
| 035 | |l 10084386 | ||
| 040 | |a GR-MY-UA |b gre |e aacr | ||
| 041 | 0 | |a gre | |
| 082 | 0 | |a 306.43 |2 (22) | |
| 110 | 2 | |a Διαβαλκανικό Συνέδριο. | |
| 245 | 1 | 3 | |a Οι πνευματικές σχέσεις του Ελληνισμού με τους Βαλκανικούς λαούς (18ος-20ος αι.) / |c Διαλβανικό Συνέδριο ; Εταιρεία Παιδαγωγικών Επιστημών Κομοτηνής |
| 260 | |a Κομοτηνή : |b Εκδοτική Ροδόπης, |c 1999 | ||
| 300 | |a 288 σ.; |b εικ.; |c 24 εκ. | ||
| 500 | |a Α' Διαβαλκανικό Συνέδριο, πρακτικά | ||
| 650 | 0 | 0 | |a Education |x Social aspects |x Congresses. |
| 710 | 2 | |a Εταιρεία Παιδαγωγικών Επιστημών Κομοτηνής. | |
| 852 | |a INST |b LESVOS |e 20060621 |h 306.43 ΔΙΑ |p 005100036146 |q 005100036146 |t BK |y 0 | ||
| 901 | |a BIBL1-2006-2 | ||
| 909 | |a Λ |b 128653 | ||
| 970 | |a ΚΑΡΑ |b ΓΙΑΣΕΜΗ |z 2006/06/21 | ||